000 00718nam a22002297a 4500
999 _c43126
_d43126
001 14232
003 CO-MdFUSB
005 20171117124239.0
008 171117t2005 sp ||||| |||| 00| 0 spa d
020 _a84-08-06326-X
040 _aCO-MdFUSB
_bspa
_cCO-MdFUSB
_dCO-MdFUSBC
_erda
041 0 _aspa
082 0 4 _aG 226 V648d
100 1 _aVidal Manzanares, César (1958-)
_eautor
245 1 3 _aEl documento Q
_b : El Evangelio más desconocido nos revela toda la verdad sobre la vida de Jesús
_c/ César Vidal
264 4 _aBarcelona :
_b Planeta,
_c©2005
300 _a246 Pág.
336 _2rdacontent
_atexto
_btxt
337 _2rdamedia
_asin mediación
_bn
338 _2rdacarrier
_avolumen
_bnc
942 _cBK